000 00500nam a2200193Ia 4500
005 20240823030618.0
008 240823s9999||||xx |||||||||||||| ||und||
020 _a978-81-8435-130-9
041 _aENGLISH
082 _A823.309 Q0
100 _aChandra N D R
245 0 _aPostcolonial Indian English Fiction Critical Understanding
250 _a1st
260 _c2010
_bAdhyayan Publishers & Distrib
500 _aYES
650 _aIndian English
_bEnglish
942 _cBK
999 _c189110
_d189110